|
|
|
|
| LEADER |
00000nam a2200000 a 4500 |
| 001 |
vtls001177916 |
| 003 |
SK-MaSNL |
| 005 |
20260302025011.0 |
| 008 |
251001s1963 sz ger |
| 015 |
|
|
|a SNBZSA1990
|
| 035 |
|
|
|a SNK000120917
|
| 035 |
|
|
|a urn:nbn:sk:snk-amydqh
|
| 035 |
|
|
|a urn:nbn:sk:snk-am00cfgk
|
| 035 |
|
|
|a 2C10E94E-3D78-4F90-A84A-19C577088412
|
| 040 |
|
|
|a SNK
|b slo
|c SNK
|e AACR2
|
| 041 |
1 |
|
|a ger
|h slo
|
| 044 |
|
|
|a sz
|c CH
|
| 080 |
|
|
|a 885.4-3=30
|2 1981
|
| 100 |
1 |
|
|a Royová, Kristína,
|d 1860-1936
|4 aut
|9 87520
|
| 245 |
1 |
0 |
|a Um hohen Preis
|b Eine Erzählung
|c Kristína Royová
|
| 250 |
|
|
|a 6. völlig neu bearb. Aufl.
|
| 260 |
|
|
|a Giessen-Basel
|b Brunner-Verlag
|c 1963
|e Marburg a.d. Lahn
|f Buchdruckerei H. Rathmann
|
| 300 |
|
|
|a 300 s.
|c 21 cm
|
| 655 |
|
7 |
|a slovenské prózy
|2 SNKPH
|9 70229
|
| 655 |
|
7 |
|a didaktické prózy
|2 SNKPH
|9 673751
|
| 852 |
|
|
|a Slovenská národná knižnica
|
| 958 |
|
|
|a EUIPO
|
| 958 |
|
|
|a [CH]
|
| 958 |
|
|
|a LX
|
| 958 |
|
|
|a TL
|
| 958 |
|
|
|a ZS
|
| 958 |
|
|
|a UP
|
| 958 |
|
|
|a OND
|
| 999 |
|
|
|c 1042575
|d 1044505
|
| 952 |
|
|
|a SNK
|b SNK
|y VYP
|7 0
|p 17A1023564
|o snkSD 29162 D1
|i snkK 1391/94
|8 3
|0 0
|1 0
|4 0
|d 2013-09-25
|l 0
|r 2026-02-24 14:29:08
|w 2026-02-24
|
| 952 |
|
|
|t P60, <03>, [BOOK], {603}
|a SNK
|b SNK
|y PREZ
|7 0
|p 17A0058553
|o snkSD 29162
|0 0
|1 0
|4 0
|d 1997-04-11
|f 1
|l 0
|r 2005-01-01 00:00:00
|w 2026-02-24
|